000 00746nam a2200253Ia 4500
003 OSt
005 20220926030256.0
006 a|||||r|||| 00| 0
007 ta
008 220923b |||||||| |||| 00| 0 eng d
020 _a039759058X
037 _cGeneral Book
040 _aRTL
_cRTL
_beng
041 _2eng
_aeng
082 _aX:1:(S:44), L3
100 _aSheldon Eleanor Bernert Ed.
_9333961
245 0 _aFamily economic behavior
_b Problems and prospects
260 _aPhildelphia
_bLippincott
_c1973
300 _axvi,418p
_ccm.
500 _aBibliography chapterwise
650 _aConsumption Economics
942 _hX:1:(S:44), L3
_cGB
_2CC
999 _c649168
_d649168